Die beliebtesten Mädchen Vornamen 1900 - 1909 - Statistiken

Allgemein
  • Dieses Quiz wurde 169 mal gespielt
  • Das Durchschnittsergebnis liegt bei 23 aus 80
Antwortstatistiken
Platz ♀ Name % Korrekt
2. Anna
87%
14. Maria
87%
25. Elli
78%
12. Marie
74%
7. Elisabeth
71%
60. Anne
69%
24. Paula
53%
13. Emma
52%
27. Hildegard
52%
19. Johanna
51%
16. Charlotte
50%
47. Katharina
50%
4. Frieda
47%
63. Gerda
45%
1. Gertrud
43%
59. Magda
43%
5. Erna
42%
36. Emmi
40%
20. Berta
39%
15. Luise
38%
3. Martha
38%
79. Eva
36%
57. Sophie
36%
17. Elsa
33%
70. Franziska
33%
53. Rosa
33%
11. Helene
32%
33. Ilse
32%
26. Anni
31%
21. Ella
31%
10. Else
31%
45. Dorothea
30%
39. Erika
30%
58. Mathilde
30%
23. Elfriede
29%
61. Lina
29%
74. Marianne
29%
22. Clara
27%
37. Wilhelmine
27%
56. Carla
26%
40. Grete
26%
6. Margarete
26%
31. Ida
25%
18. Hedwig
23%
68. Anneliese
22%
49. Annemarie
22%
32. Dora
22%
64. Edith
22%
34. Olga
22%
55. Wilma
22%
8. Hertha
21%
9. Käthe
21%
78. Lieselotte
21%
28. Alma
19%
52. Emilie
19%
38. Irmgard
19%
29. Minna
19%
72. Hilda
18%
69. Henriette
16%
65. Lilly
16%
77. Elsbeth
14%
42. Agnes
13%
46. Anita
12%
51. Elise
12%
71. Hermine
12%
30. Irma
12%
54. Lisbeth
11%
43. Alice
10%
35. Auguste
9%
73. Carolin
9%
44. Gretchen
9%
66. Magdalene
9%
67. Alwine
4%
62. Lucy
4%
41. Meta
4%
75. Amanda
3%
48. Margareta
3%
76. Antonie
2%
50. Henni
2%
80. Wally
2%
Keine übereinstimmenden Quizze gefunden
Verteilung der Resultate
Anzahl Personen mit jedem Resultat
Perzentil nach korrekt beantworteten Fragen
Ihre Resultats-Entwicklung
Sie haben dieses Quiz noch nicht gespielt